[Event "22nd TCh-SLO 2012"]
[Site "Slovenia SLO"]
[Date "2012.11.24"]
[Round "2"]
[White "Novak,G"]
[Black "Polajzer,D"]
[Result "0-1"]
[BlackTitle "IM"]
[WhiteElo "2248"]
[BlackElo "2295"]
[WhiteTeam "SK Triglav Krsko"]
[BlackTeam "SD Tehcenter Ptuj"]
[WhiteFideId "14602580"]
[BlackFideId "14600218"]
[EventDate "2012.11.23"]

1. e4 c5 2. Nf3 Nc6 3. d4 cxd4 4. Nxd4 Nf6 5. Nc3 d6 6. Bg5 e6 7. Qd2 Be7 8.
O-O-O O-O 9. f3 a6 10. g4 Nxd4 11. Qxd4 Qa5 12. h4 b5 13. Kb1 b4 14. Ne2 e5 15.
Qd2 Be6 16. Nc1 Rfd8 17. Bxf6 Bxf6 18. g5 Be7 19. Bh3 Qb6 20. f4 exf4 21. Bxe6
fxe6 22. Qxf4 d5 23. g6 hxg6 24. Qg4 dxe4 25. Qxg6 Rxd1 26. Rxd1 Qc6 27. Rg1 Bf8
28. Ne2 Rc8 29. Nd4 Qd5 30. Qxe6+ Qxe6 31. Nxe6 Re8 32. Nf4 Bc5 33. Rh1 Bf2 34.
c3 bxc3 35. bxc3 Rd8 36. Kc2 Be3 37. Ne6 Rd2+ 38. Kb3 Bf2 39. Ng5 e3 40. Ne4 Rd7
41. Kc2 Re7 42. Kd3 Rxe4 0-1

[Event "22nd TCh-SLO 2012"]
[Site "Slovenia SLO"]
[Date "2012.11.24"]
[Round "2"]
[White "Podkriznik,G"]
[Black "Mestrovic,Z"]
[Result "1/2-1/2"]
[WhiteTitle "FM"]
[BlackTitle "IM"]
[WhiteElo "2334"]
[BlackElo "2320"]
[WhiteTeam "SD Tehcenter Ptuj"]
[BlackTeam "SK Triglav Krsko"]
[WhiteFideId "14601893"]
[BlackFideId "14602059"]
[EventDate "2012.11.23"]

1. d4 Nc6 2. Nf3 d6 3. e4 Nf6 4. Nc3 Bg4 5. Be3 a6 6. d5 Ne5 7. Be2 Nxf3+ 8.
Bxf3 Bd7 9. O-O g6 10. Bd4 Bg7 11. e5 dxe5 12. Bxe5 O-O 13. Re1 Re8 14. Qd4 Qc8
15. Ne4 Nxe4 16. Bxg7 Ng5 17. Bd1 f6 18. Bh6 Nf7 19. Be3 Kg7 20. c4 e5 21. dxe6
Bxe6 22. b3 Bf5 23. Bf3 Ne5 24. Be2 Qe6 25. Rad1 Nc6 26. Qf4 Ne5 27. h3 Rad8 28.
Bd4 Bc2 29. Rc1 Qf5 30. Qxf5 Bxf5 31. Bc3 Nd3 32. Bxd3 Bxd3 33. f3 1/2-1/2

[Event "22nd TCh-SLO 2012"]
[Site "Slovenia SLO"]
[Date "2012.11.24"]
[Round "2"]
[White "Kos,T"]
[Black "Roskar,R"]
[Result "1-0"]
[WhiteTitle "IM"]
[BlackTitle "FM"]
[WhiteElo "2328"]
[BlackElo "2284"]
[WhiteTeam "SK Triglav Krsko"]
[BlackTeam "SD Tehcenter Ptuj"]
[WhiteFideId "14601508"]
[BlackFideId "14601850"]
[EventDate "2012.11.23"]

1. e4 e5 2. Nf3 Nc6 3. d4 exd4 4. Nxd4 Nge7 5. Bg5 Nxd4 6. Qxd4 Nc6 7. Qd2 Be7
8. h4 d6 9. Nc3 Be6 10. O-O-O a6 11. Nd5 Qd7 12. Qc3 f6 13. Bf4 O-O-O 14. Nxe7+
Nxe7 15. Rxd6 Qxd6 16. Bxd6 Rxd6 17. Bc4 Bd7 18. Qg3 g6 19. Rd1 Rxd1+ 20. Kxd1
Bc6 21. f3 Rf8 22. Qf4 h5 23. Qh6 Rd8+ 24. Kc1 Rd6 25. Qf8+ Kd7 26. Bf7 Rd4 27.
Be8+ Ke6 28. Qf7+ 1-0

[Event "22nd TCh-SLO 2012"]
[Site "Slovenia SLO"]
[Date "2012.11.24"]
[Round "2"]
[White "Horvath,Ad1"]
[Black "Lenic,L"]
[Result "1/2-1/2"]
[WhiteTitle "GM"]
[BlackTitle "GM"]
[WhiteElo "2495"]
[BlackElo "2637"]
[WhiteTeam "SD Rokada Lendava"]
[BlackTeam "ZSK Maribor"]
[WhiteFideId "708003"]
[BlackFideId "14603853"]
[EventDate "2012.11.23"]

1. e4 e5 2. Nf3 Nc6 3. Bb5 a6 4. Ba4 Nf6 5. O-O Be7 6. d4 exd4 7. e5 Ne4 8. Nxd4
Nxd4 9. Qxd4 Nc5 10. Nc3 O-O 11. Rd1 d6 12. Be3 b5 13. Bb3 Nxb3 14. cxb3 Bb7 15.
exd6 Bxd6 16. Bf4 Re8 17. Bxd6 cxd6 18. Qf4 Re5 19. Rd4 Qe7 20. h4 Re6 21. Rad1
Rd8 22. Nd5 Qe8 23. Nc3 Rg6 24. Nd5 h6 25. Re4 Re6 26. Red4 Re1+ 27. Kh2 Rxd1
28. Rxd1 Qe6 29. Ne3 Be4 30. f3 Bg6 31. Nd5 h5 32. Qg5 Rd7 33. Nf4 Qe3 34. Nd5
Qe2 35. Rd2 Qe1 36. Rd4 Kh7 37. Nf4 Qe3 38. Rd5 Kg8 39. Rd1 Bc2 40. Rd5 Bg6 41.
Qg3 Rc7 42. Rxd6 Rc1 43. Nxg6 fxg6 44. Rxg6 Qg1+ 45. Kh3 Qh1+ 46. Qh2 Qe1 47.
Qb8+ Kh7 48. Rg5 Qh1+ 49. Qh2 g6 50. Rd5 Qxh2+ 51. Kxh2 Ra1 52. a4 b4 53. Kg3
Rb1 54. Rd2 Rh1 55. Kf4 Rxh4+ 56. Kg5 Rh2 57. f4 Kg7 58. Rd7+ Kf8 59. Kf6 Ke8
60. Re7+ Kd8 61. Re2 h4 62. Kxg6 h3 63. Re3 Rxg2+ 64. Kf6 h2 1/2-1/2

[Event "22nd TCh-SLO 2012"]
[Site "Slovenia SLO"]
[Date "2012.11.24"]
[Round "2"]
[White "Kozul,Z"]
[Black "Horvath,Ta1"]
[Result "1-0"]
[WhiteTitle "GM"]
[BlackTitle "IM"]
[WhiteElo "2638"]
[BlackElo "2390"]
[WhiteTeam "ZSK Maribor"]
[BlackTeam "SD Rokada Lendava"]
[WhiteFideId "14502879"]
[BlackFideId "700185"]
[EventDate "2012.11.23"]

1. d4 Nf6 2. Nf3 e6 3. c4 c5 4. d5 exd5 5. cxd5 d6 6. Nc3 g6 7. Bf4 a6 8. a4 Bg7
9. e4 Bg4 10. Be2 Bxf3 11. Bxf3 O-O 12. O-O Qe7 13. Re1 Nbd7 14. Qd2 Rab8 15.
Be2 Ne8 16. Bg5 Bf6 17. Bh6 Bg7 18. Bxg7 Nxg7 19. f4 Rbe8 20. Bg4 f5 21. Bf3 Qf6
22. Rad1 h6 23. a5 Qd8 24. e5 dxe5 25. fxe5 Nxe5 26. d6 Nxf3+ 27. gxf3 Qg5+ 28.
Qxg5 hxg5 29. Na4 Rxe1+ 30. Rxe1 Rd8 31. Nxc5 Rxd6 32. Nxb7 Rd5 33. b4 Rb5 34.
Nc5 Rxb4 35. Ra1 Ne8 36. Nxa6 Rb5 37. Ra4 Kg7 38. Nb4 Nc7 39. a6 Kh6 40. a7 Na8
41. Kf2 Nb6 42. Nd3 Na8 43. Ra6 Rb7 44. Ne5 Kh5 45. h3 Rb6 46. Rxb6 Nxb6 47. Ke3
Kh4 48. Kd4 1-0

[Event "22nd TCh-SLO 2012"]
[Site "Slovenia SLO"]
[Date "2012.11.24"]
[Round "2"]
[White "Sifrer,D"]
[Black "Skoberne,J"]
[Result "1/2-1/2"]
[WhiteTitle "IM"]
[BlackTitle "GM"]
[WhiteElo "2393"]
[BlackElo "2549"]
[WhiteTeam "SD Rokada Lendava"]
[BlackTeam "ZSK Maribor"]
[WhiteFideId "14600110"]
[BlackFideId "14604299"]
[EventDate "2012.11.23"]

1. d4 d6 2. Nf3 g6 3. c4 Bg7 4. e4 Nf6 5. Nc3 O-O 6. Be3 e5 7. dxe5 dxe5 8. Qxd8
Rxd8 9. Nd5 Nxd5 10. cxd5 c6 11. Bc4 b5 12. Bb3 Bb7 13. Rc1 Rd7 14. Ke2 cxd5 15.
Bxd5 Na6 16. Bxb7 Rxb7 17. Rhd1 Re8 18. Rd6 Nb8 19. Rcd1 f6 20. Nd2 Kf7 21. Nb3
Bf8 22. R6d5 a6 23. Rc1 Ke6 24. Bc5 Rc7 25. Bxf8 Rxc1 26. Rd6+ Kf7 27. Nxc1 Rxf8
28. Nb3 Rc8 29. Kd2 Nc6 30. Rd7+ Ne7 31. Ra7 Rc6 32. Na5 Rd6+ 33. Ke3 f5 34. f3
Kf6 35. b4 f4+ 36. Ke2 Nc6 37. Nxc6 Rxc6 38. Kd2 h5 39. h4 g5 40. hxg5+ Kxg5 41.
Re7 Rg6 42. Rxe5+ Kh4 43. Rf5 Rxg2+ 44. Kd3 Kg3 45. Rxh5 Kxf3 46. e5 Kg4 47. Rh6
Rxa2 48. e6 f3 49. e7 Re2 50. Rh7 Kg3 51. Rg7+ Kf2 52. Rf7 Kg2 53. Rg7+ Kf1 54.
Rh7 Kg2 55. Rg7+ Kf2 56. Rf7 Re6 57. Kd2 Kg3 58. Rg7+ Kf4 59. Kd3 f2 60. Rf7+
Kg3 61. Rg7+ Kf3 62. Rf7+ Kg2 63. Rg7+ Kf1 64. Kd2 Re1 65. Rh7 Re6 66. Rg7 Re2+
67. Kd1 Re4 68. Kd2 Re6 69. Rh7 Re2+ 70. Kd1 Re5 71. Rg7 Re2 72. Rh7 Re1+ 73.
Kd2 Kg2 74. Rg7+ Kf1 1/2-1/2

[Event "22nd TCh-SLO 2012"]
[Site "Slovenia SLO"]
[Date "2012.11.24"]
[Round "2"]
[White "Jankovic,A"]
[Black "Ivanec,D"]
[Result "1-0"]
[WhiteTitle "GM"]
[WhiteElo "2535"]
[BlackElo "2191"]
[WhiteTeam "ZSK Maribor"]
[BlackTeam "SD Rokada Lendava"]
[WhiteFideId "14505959"]
[BlackFideId "14604400"]
[EventDate "2012.11.23"]

1. d4 Nf6 2. c4 e6 3. Nf3 Bb4+ 4. Nbd2 O-O 5. a3 Be7 6. e4 d5 7. e5 Ne4 8. Qc2
f5 9. exf6 Nxd2 10. Ng5 Ne4 11. fxe7 Qxe7 12. Nxe4 dxe4 13. Qxe4 e5 14. Bd3 Bf5
15. Qd5+ Be6 16. Qxe5 Qf7 17. Be3 Nc6 18. Qb5 a6 19. Qxb7 Na5 20. Qe4 g6 21. Qh4
Bxc4 22. Bxc4 Qxc4 23. Rc1 Qd3 24. Rxc7 Rf7 25. Rxf7 Kxf7 26. Qxh7+ Ke6 27. Qh3+
Kf7 28. Qf3+ Ke6 29. Qxa8 1-0

[Event "22nd TCh-SLO 2012"]
[Site "Slovenia SLO"]
[Date "2012.11.24"]
[Round "2"]
[White "Vidic,B"]
[Black "Mohr,G"]
[Result "0-1"]
[BlackTitle "GM"]
[WhiteElo "2041"]
[BlackElo "2483"]
[WhiteTeam "SD Rokada Lendava"]
[BlackTeam "ZSK Maribor"]
[WhiteFideId "14605481"]
[BlackFideId "14600013"]
[EventDate "2012.11.23"]

1. d4 Nf6 2. g3 c5 3. d5 b5 4. a4 Bb7 5. Bg2 b4 6. c4 bxc3 7. Nxc3 d6 8. Nf3
Nbd7 9. O-O g6 10. Nd2 Bg7 11. Nc4 O-O 12. h3 Rb8 13. Na3 a6 14. Nc4 Ne8 15. a5
Nc7 16. Na4 Re8 17. Bg5 Nf6 18. Nab6 Na8 19. Qd2 Nxb6 20. Nxb6 Nd7 21. Nc4 Qc7
22. Bh6 Bh8 23. Rab1 Ba8 24. Qc2 Rb7 25. Bg5 Qb8 26. b3 Rb5 27. Bd2 Qc7 28. Rfc1
Reb8 29. Na3 R5b7 30. e4 Nf6 31. e5 dxe5 32. Nc4 Nd7 33. d6 exd6 34. Bd5 Nf6 35.
Nb6 Nxd5 36. Nxd5 Qc6 37. Qe4 Rd7 0-1

[Event "22nd TCh-SLO 2012"]
[Site "Slovenia SLO"]
[Date "2012.11.24"]
[Round "2"]
[White "Sakelsek,T"]
[Black "Gerencer,J"]
[Result "1-0"]
[WhiteTitle "IM"]
[BlackTitle "FM"]
[WhiteElo "2438"]
[BlackElo "2025"]
[WhiteTeam "ZSK Maribor"]
[BlackTeam "SD Rokada Lendava"]
[WhiteFideId "14603683"]
[BlackFideId "14601257"]
[EventDate "2012.11.23"]

1. d4 Nf6 2. c4 e6 3. Nc3 d5 4. Nf3 Be7 5. Bg5 Nbd7 6. e3 O-O 7. Qc2 c6 8. Rd1
Nh5 9. Bxe7 Qxe7 10. Be2 Nhf6 11. O-O dxc4 12. Bxc4 b6 13. e4 c5 14. e5 Ne8 15.
d5 exd5 16. Nxd5 Qd8 17. Qe4 Rb8 18. Bd3 g6 19. Bb5 Nc7 20. Bxd7 1-0

[Event "22nd TCh-SLO 2012"]
[Site "Slovenia SLO"]
[Date "2012.11.24"]
[Round "2"]
[White "Stevic,H"]
[Black "Palac,M"]
[Result "1/2-1/2"]
[WhiteTitle "GM"]
[BlackTitle "GM"]
[WhiteElo "2622"]
[BlackElo "2599"]
[WhiteTeam "SD Vrhnika"]
[BlackTeam "SK Branik Maribor"]
[WhiteFideId "14502569"]
[BlackFideId "14500116"]
[EventDate "2012.11.23"]

1. e4 c5 2. c3 d5 3. exd5 Qxd5 4. d4 Nf6 5. Nf3 Bg4 6. Be2 e6 7. h3 Bh5 8. O-O
Nc6 9. Be3 cxd4 10. Nxd4 Bxe2 11. Qxe2 Be7 12. Rd1 O-O 13. c4 Nxd4 14. Bxd4 Qe4
15. Qxe4 Nxe4 16. Nc3 Nxc3 17. Bxc3 Rfd8 18. Kf1 f6 19. Ke2 Kf7 20. Rxd8 Rxd8
21. Rd1 Rxd1 22. Kxd1 e5 23. Ke2 Ke6 24. f3 g6 25. g4 f5 26. Kd3 Bd6 27. Be1 b6
28. b3 h5 29. gxh5 gxh5 30. Bh4 Bc5 31. Be1 Bd6 32. Bh4 Bc5 1/2-1/2

[Event "22nd TCh-SLO 2012"]
[Site "Slovenia SLO"]
[Date "2012.11.24"]
[Round "2"]
[White "Tratar,M"]
[Black "Sebenik,M"]
[Result "1/2-1/2"]
[WhiteTitle "GM"]
[BlackTitle "GM"]
[WhiteElo "2516"]
[BlackElo "2543"]
[WhiteTeam "SK Branik Maribor"]
[BlackTeam "SD Vrhnika"]
[WhiteFideId "14600684"]
[BlackFideId "14602296"]
[EventDate "2012.11.23"]

1. d4 d5 2. c4 e6 3. Nc3 Be7 4. Nf3 Nf6 5. Bg5 h6 6. Bxf6 Bxf6 7. e3 O-O 8. Rc1
c6 9. Bd3 dxc4 10. Bxc4 Nd7 11. O-O e5 12. h3 exd4 13. exd4 Nb6 14. Bb3 Bf5 15.
Re1 a5 16. a3 Re8 17. Rxe8+ Qxe8 18. Qd2 Qd7 19. Re1 Re8 20. Rxe8+ Qxe8 21. Qf4
Be6 22. Bxe6 Qxe6 23. Qb8+ Qc8 24. Qa7 Nc4 25. Qc5 Nxb2 26. Ne4 Bd8 27. Qc2 Qe6
28. Qxb2 Qxe4 29. Qxb7 Bf6 30. Qa8+ Kh7 31. Qxa5 Bxd4 32. Nxd4 Qxd4 33. Qf5+ Kg8
34. Qc8+ Kh7 35. Qxc6 Qa1+ 1/2-1/2

[Event "22nd TCh-SLO 2012"]
[Site "Slovenia SLO"]
[Date "2012.11.24"]
[Round "2"]
[White "Gostisa,L"]
[Black "Mikac,M"]
[Result "1/2-1/2"]
[WhiteTitle "IM"]
[BlackTitle "IM"]
[WhiteElo "2419"]
[BlackElo "2394"]
[WhiteTeam "SD Vrhnika"]
[BlackTeam "SK Branik Maribor"]
[WhiteFideId "14600722"]
[BlackFideId "14600048"]
[EventDate "2012.11.23"]

1. d4 Nf6 2. Nf3 g6 3. Bg5 Bg7 4. e3 O-O 5. Nbd2 d5 6. Bd3 c5 7. c3 Qb6 8. Rb1
Nc6 9. O-O Re8 10. b4 cxb4 11. cxb4 a5 12. bxa5 Qxa5 13. Nb3 Qa7 14. a4 Bf5 15.
Bxf5 gxf5 16. Bxf6 Bxf6 17. Nc5 b6 18. Nd3 Qxa4 19. Qxa4 Rxa4 20. Rxb6 Rc8 21.
g3 e6 22. Re1 Rc4 23. Ra1 Ne7 24. Kg2 Ng6 25. Raa6 R4c7 26. h4 Kg7 27. Rb5 Rd8
28. Rab6 Rdc8 29. Rb7 h6 30. R5b6 Rxb7 31. Rxb7 Re8 32. h5 Re7 33. Rb5 Nf8 34.
Ng1 Nh7 35. Ne2 Ra7 36. Nc5 Be7 37. Nd3 Nf6 1/2-1/2

[Event "22nd TCh-SLO 2012"]
[Site "Slovenia SLO"]
[Date "2012.11.24"]
[Round "2"]
[White "Zupe,M"]
[Black "Kavcic,Z"]
[Result "1/2-1/2"]
[WhiteTitle "IM"]
[BlackTitle "FM"]
[WhiteElo "2323"]
[BlackElo "2269"]
[WhiteTeam "SK Branik Maribor"]
[BlackTeam "SD Vrhnika"]
[WhiteFideId "14600277"]
[BlackFideId "14604582"]
[EventDate "2012.11.23"]

1. d4 Nf6 2. c4 c5 3. d5 b5 4. cxb5 a6 5. b6 Qxb6 6. Nc3 d6 7. Nf3 g6 8. Nd2 Bg7
9. e4 O-O 10. Be2 Nbd7 11. Nc4 Qc7 12. Bf4 Nb6 13. Ne3 Nfd7 14. O-O Rb8 15. Rc1
Re8 16. Qd2 Ne5 17. Rfd1 Qb7 18. b3 Qa7 19. Nf1 Na8 20. h3 Nc7 21. Be3 Qa8 22.
f4 Nd7 23. Bf3 Nb5 24. Ne2 a5 25. a4 Nc7 26. Rb1 Rb4 27. Qc2 Ba6 28. Bd2 Rb7 29.
Ne3 Bxe2 30. Bxe2 Nb6 31. Bf3 Rc8 32. Kh1 Rcb8 33. Nc4 Nxc4 34. Qxc4 Na6 35.
Bxa5 Nb4 36. Bxb4 Rxb4 37. Qc2 Qb7 1/2-1/2

[Event "22nd TCh-SLO 2012"]
[Site "Slovenia SLO"]
[Date "2012.11.24"]
[Round "2"]
[White "Praznik,N"]
[Black "Supancic,D"]
[Result "1-0"]
[WhiteTitle "FM"]
[BlackTitle "FM"]
[WhiteElo "2294"]
[BlackElo "2370"]
[WhiteTeam "SD Vrhnika"]
[BlackTeam "SK Branik Maribor"]
[WhiteFideId "14601621"]
[BlackFideId "14600773"]
[EventDate "2012.11.23"]

1. Nf3 Nf6 2. c4 c6 3. b3 g6 4. Bb2 Bg7 5. g3 d5 6. Bg2 O-O 7. O-O a5 8. d3 a4
9. Qc1 Bg4 10. Nc3 dxc4 11. bxc4 Qa5 12. Rb1 a3 13. Ba1 Ra7 14. Rb3 Nfd7 15. Ne4
Bxa1 16. Qxa1 Bxf3 17. Bxf3 f5 18. Ng5 Nc5 19. Qe5 h6 20. Ne6 Nxe6 21. Qxe6+ Kg7
22. Qxe7+ Rf7 23. Qe3 Nd7 24. d4 Nf6 25. Rd1 g5 26. d5 cxd5 27. cxd5 g4 28. Bg2
b5 29. d6 Ra6 30. Qe5 Rd7 31. Rxb5 Qd8 32. Rbd5 Rb6 33. R5d3 Kg6 34. e4 fxe4 35.
Bxe4+ Kg7 36. Bf5 Rdb7 37. d7 Rb5 38. Rd5 Rxd5 39. Rxd5 Rb6 40. Rc5 1-0

[Event "22nd TCh-SLO 2012"]
[Site "Slovenia SLO"]
[Date "2012.11.24"]
[Round "2"]
[White "Navinsek,T"]
[Black "Justin,M"]
[Result "1-0"]
[WhiteTitle "FM"]
[BlackTitle "FM"]
[WhiteElo "2278"]
[BlackElo "2323"]
[WhiteTeam "SK Branik Maribor"]
[BlackTeam "SD Vrhnika"]
[WhiteFideId "14600340"]
[BlackFideId "14600242"]
[EventDate "2012.11.23"]

1. Nf3 c5 2. g3 b6 3. Bg2 Bb7 4. O-O Nf6 5. d3 g6 6. e4 Bg7 7. Nc3 O-O 8. Nh4 d5
9. e5 Ne8 10. f4 Nc7 11. Ne2 Nc6 12. c3 a5 13. d4 Ba6 14. Be3 cxd4 15. cxd4 e6
16. Rf2 Qd7 17. Nc3 Rfc8 18. g4 b5 19. f5 a4 20. fxe6 fxe6 21. Nf3 Rf8 22. Rc1
Rac8 23. Bf1 Rf7 24. Be2 Bf8 25. Qd2 Bb4 26. Rcf1 Na5 27. Bh6 Bf8 28. Bxf8 Rcxf8
29. Nd1 Nc4 30. Qh6 b4 31. b3 axb3 32. axb3 Na5 33. Bxa6 Nxa6 34. Ne3 Nxb3 35.
g5 Rf5 36. Qh3 Nc7 37. Ng4 Ne8 38. Nf6+ Nxf6 39. exf6 Rxf3 40. Qxf3 Nxd4 41. f7+
Rxf7 42. Qxf7+ Qxf7 43. Rxf7 1-0

[Event "22nd TCh-SLO 2012"]
[Site "Slovenia SLO"]
[Date "2012.11.25"]
[Round "3"]
[White "Palac,M"]
[Black "Zorko,Ju"]
[Result "1/2-1/2"]
[WhiteTitle "GM"]
[BlackTitle "IM"]
[WhiteElo "2599"]
[BlackElo "2476"]
[WhiteTeam "SK Branik Maribor"]
[BlackTeam "SD KRKA Novo mesto"]
[WhiteFideId "14500116"]
[BlackFideId "14604051"]
[EventDate "2012.11.23"]

1. e4 c5 2. Nf3 e6 3. Be2 Nf6 4. Nc3 Nc6 5. O-O d5 6. exd5 Nxd5 7. Bb5 Ne7 8. d4
cxd4 9. Nxd4 Bd7 10. Ne4 Ng6 11. Nxc6 Bxc6 12. Bxc6+ bxc6 13. Qxd8+ Rxd8 14. Be3
a6 15. Rfd1 Be7 16. Nc5 Bxc5 17. Bxc5 Rd5 18. Bb4 Ne7 19. c4 Re5 20. Bc3 Rg5 21.
h4 Rg4 22. Ba5 Ng6 23. b3 O-O 24. Rd6 Nxh4 25. g3 f5 26. Rxe6 f4 27. Bb4 Rd8 28.
Re4 h5 29. Rxf4 Rd4 30. Be7 1/2-1/2

[Event "22nd TCh-SLO 2012"]
[Site "Slovenia SLO"]
[Date "2012.11.25"]
[Round "3"]
[White "Zupancic,J"]
[Black "Tratar,M"]
[Result "0-1"]
[BlackTitle "GM"]
[WhiteElo "2162"]
[BlackElo "2516"]
[WhiteTeam "SD KRKA Novo mesto"]
[BlackTeam "SK Branik Maribor"]
[WhiteFideId "14607280"]
[BlackFideId "14600684"]
[EventDate "2012.11.23"]

1. Nf3 g6 2. g3 Bg7 3. c4 e5 4. d3 Ne7 5. Bg2 c6 6. O-O d5 7. Qc2 O-O 8. Nc3 h6
9. Rb1 Be6 10. Nd2 d4 11. Na4 Nd7 12. b4 Qc7 13. Nc5 Nxc5 14. bxc5 f5 15. a4
Rae8 16. Nb3 g5 17. Bd2 Ng6 18. Na5 Bc8 19. Rb2 Qf7 20. Rfb1 Re7 21. Rb3 e4 22.
Be1 Rfe8 23. Bd2 e3 24. fxe3 dxe3 25. Bc3 Bxc3 26. Qxc3 f4 27. Rf1 Ne5 28. d4
Ng4 29. d5 Qh5 30. h3 Nf2 31. g4 Nxh3+ 32. Kh2 Bxg4 33. Qf6 Nf2+ 34. Kg1 Bxe2
35. Rxb7 Ng4 0-1

[Event "22nd TCh-SLO 2012"]
[Site "Slovenia SLO"]
[Date "2012.11.25"]
[Round "3"]
[White "Mikac,M"]
[Black "Volf,Z"]
[Result "1-0"]
[WhiteTitle "IM"]
[WhiteElo "2394"]
[BlackElo "2230"]
[WhiteTeam "SK Branik Maribor"]
[BlackTeam "SD KRKA Novo mesto"]
[WhiteFideId "14600048"]
[BlackFideId "14604949"]
[EventDate "2012.11.23"]

1. Nf3 Nf6 2. d4 g6 3. Bg5 Bg7 4. Nbd2 O-O 5. c3 d6 6. e4 Nc6 7. Bd3 e5 8. dxe5
Nxe5 9. Nxe5 dxe5 10. Be2 Be6 11. Qc2 h6 12. Bh4 c6 13. a4 a5 14. O-O Qc7 15.
Bc4 Rae8 16. Bxe6 Rxe6 17. Nc4 Rfe8 18. f3 Bf8 19. Bf2 Nd7 20. Rfd1 b5 21. axb5
cxb5 22. Nxa5 b4 23. c4 Nb6 24. c5 Rc8 25. c6 Ra8 26. Qe2 Rd6 27. Rxd6 Bxd6 28.
Qb5 Nc8 29. h3 h5 30. Kh2 Kg7 31. Ra4 Kg8 32. Nc4 Rxa4 33. Qxa4 Ne7 34. Bb6 Qb8
35. Qb5 Nc8 36. Nxd6 Qxd6 37. Bc5 Qf6 38. Qb7 Qf4+ 39. Kh1 Qc1+ 40. Bg1 Nd6 41.
Qb8+ 1-0

[Event "22nd TCh-SLO 2012"]
[Site "Slovenia SLO"]
[Date "2012.11.25"]
[Round "3"]
[White "Mejak,Severin"]
[Black "Zupe,M"]
[Result "1/2-1/2"]
[BlackTitle "IM"]
[WhiteElo "2071"]
[BlackElo "2323"]
[WhiteTeam "SD KRKA Novo mesto"]
[BlackTeam "SK Branik Maribor"]
[WhiteFideId "14609886"]
[BlackFideId "14600277"]
[EventDate "2012.11.23"]

1. d4 Nf6 2. c4 e6 3. g3 Bb4+ 4. Bd2 a5 5. Bg2 d5 6. Qc2 Nc6 7. Nf3 dxc4 8. Qxc4
Qd5 9. Qxd5 exd5 10. O-O Be6 11. Bf4 Rc8 12. a3 Be7 13. Nc3 Ne4 14. Rac1 f6 15.
Nb5 Kd7 16. Rfd1 g5 17. Nd2 Nxd2 18. Bxd2 f5 19. f3 Bf6 20. e3 b6 21. Be1 Ne7
22. Bf2 c6 23. Nc3 h5 24. e4 g4 25. e5 Bg7 26. f4 Ra8 27. Na4 Rhb8 28. Ra1 Nc8
29. Rdc1 Bf8 30. Bf1 Be7 31. b3 b5 32. Nc5+ 1/2-1/2

[Event "22nd TCh-SLO 2012"]
[Site "Slovenia SLO"]
[Date "2012.11.25"]
[Round "3"]
[White "Supancic,D"]
[Black "Rifelj,L"]
[Result "1-0"]
[WhiteTitle "FM"]
[WhiteElo "2370"]
[BlackElo "1881"]
[WhiteTeam "SK Branik Maribor"]
[BlackTeam "SD KRKA Novo mesto"]
[WhiteFideId "14600773"]
[BlackFideId "14603462"]
[EventDate "2012.11.23"]

1. Nf3 c5 2. g3 b6 3. Bg2 Bb7 4. O-O Nf6 5. d3 e6 6. e4 d6 7. Qe2 Nbd7 8. Nbd2
Be7 9. h3 O-O 10. Nh2 Qc7 11. f4 b5 12. g4 Rac8 13. g5 Ne8 14. Ndf3 c4 15. d4 c3
16. b3 a5 17. Ng4 a4 18. f5 Bd8 19. Kh1 Qc6 20. Ne1 Qa6 21. bxa4 bxa4 22. Nd3
Qc4 23. Be3 Bb6 24. Rab1 exf5 25. exf5 Bxg2+ 26. Qxg2 Qc7 27. Nb4 Rb8 28. Na6
Qa7 29. Nxb8 Nxb8 30. f6 Nc7 31. fxg7 Kxg7 32. g6 1-0

[Event "22nd TCh-SLO 2012"]
[Site "Slovenia SLO"]
[Date "2012.11.25"]
[Round "3"]
[White "Sebenik,M"]
[Black "Kozul,Z"]
[Result "1/2-1/2"]
[WhiteTitle "GM"]
[BlackTitle "GM"]
[WhiteElo "2543"]
[BlackElo "2638"]
[WhiteTeam "SD Vrhnika"]
[BlackTeam "ZSK Maribor"]
[WhiteFideId "14602296"]
[BlackFideId "14502879"]
[EventDate "2012.11.23"]

1. d4 Nf6 2. c4 g6 3. Nf3 Bg7 4. Nc3 d5 5. cxd5 Nxd5 6. g3 Nb6 7. Bg2 Nc6 8. e3
O-O 9. O-O Re8 10. b3 e5 11. Nxe5 Nxe5 12. dxe5 Qxd1 13. Rxd1 Bxe5 14. Bb2 c6
15. h3 f5 16. Rd2 Be6 17. Rad1 Kf7 18. Na4 Bxb2 19. Nxb2 Bd5 20. Nd3 Bxg2 21.
Kxg2 Nd5 22. Nf4 Nf6 23. Ne2 a5 24. Nc3 Re5 25. Rd4 Rae8 26. a4 Rc5 27. R1d3 b5
28. b4 axb4 29. Rxb4 Rxc3 30. Rxc3 Nd5 31. Rcb3 Nxb4 32. Rxb4 Rb8 33. axb5 cxb5
34. g4 Ke6 35. Kf3 fxg4+ 36. hxg4 Kd5 37. Ke2 Kc5 38. Rd4 b4 39. Kd2 Rb7 40. Kc2
Ra7 41. Kb3 Ra3+ 42. Kb2 Ra7 1/2-1/2

[Event "22nd TCh-SLO 2012"]
[Site "Slovenia SLO"]
[Date "2012.11.25"]
[Round "3"]
[White "Skoberne,J"]
[Black "Gostisa,L"]
[Result "1/2-1/2"]
[WhiteTitle "GM"]
[BlackTitle "IM"]
[WhiteElo "2549"]
[BlackElo "2419"]
[WhiteTeam "ZSK Maribor"]
[BlackTeam "SD Vrhnika"]
[WhiteFideId "14604299"]
[BlackFideId "14600722"]
[EventDate "2012.11.23"]

1. c4 c5 2. g3 Nf6 3. Bg2 g6 4. Nc3 Bg7 5. d3 Nc6 6. Nh3 Rb8 7. Nf4 a6 8. a4 d6
9. Bd2 Bd7 10. O-O O-O 11. h3 Nb4 12. Na2 Nxa2 13. Rxa2 Bc6 14. b4 Bxg2 15. Kxg2
b5 16. axb5 axb5 17. bxc5 dxc5 18. Bc3 Ra8 19. Qb3 Rxa2 20. Qxa2 b4 21. Be5 Qa8+
22. Qxa8 Rxa8 23. d4 Nd7 24. Bxg7 Kxg7 25. dxc5 Nxc5 26. Rb1 b3 27. Nd3 Rc8 28.
Nxc5 Rxc5 29. Rxb3 Rxc4 30. h4 h5 1/2-1/2